000 00509pab a2200193 454500
008 180718b2014 xxu||||| |||| 00| 0 eng d
100 _aElder, Todd
245 _aAre Catholic primary schools more effective than public primary schools?
260 _c2014
300 _ap.28-38.
362 _aMar
650 _aPrimary education
650 _aSchools
650 _aDenominational schools
700 _aJepsen, Christopher
773 _aJournal of Urban Economics
908 _aN
909 _a104817
999 _c104812
_d104812